Velazquez (Record no. 2429)

MARC details
000 -CABECERA
campo de control de longitud fija 00775nam a2200229 a 4500
001 - NÚMERO DE CONTROL
campo de control BRCA_2689
005 - FECHA Y HORA DE LA ÚLTIMA TRANSACCIÓN
campo de control 20190320203926.0
008 - DATOS DE LONGITUD FIJA--INFORMACIÓN GENERAL
campo de control de longitud fija 021208s1948----nyu#---###---#000-0#eng-#
084 ## - OTRO NÚMERO DE CLASIFICACIÓN
Número de clasificación ND813.V4
Número de documento/Ítem .T73 1948
100 1# - ENTRADA PRINCIPAL--NOMBRE DE PERSONA
Nombre de persona Trapier, Elizabeth du Gué
9 (RLIN) 7618
245 10 - MENCIÓN DE TÍTULO
Título Velazquez
Mención de responsabilidad, etc. Elizabeth Du Gué Trapier.
260 ## - PUBLICACIÓN, DISTRIBUCIÓN, ETC.
Lugar de publicación, distribución, etc. New York
Nombre del editor, distribuidor, etc. Hispanic Society of America
Fecha de publicación, distribución, etc. 1948
300 ## - DESCRIPCIÓN FÍSICA
Extensión xxii, 434 p.
Otras características físicas il.
Dimensiones 22 cm.
440 #0 - MENCIÓN DE SERIE/PUNTO DE ACCESO ADICIONAL--TÍTULO
Título Hispanic Notes & Monographs Essays, Studies, and Brief Biographies
9 (RLIN) 7619
500 ## - NOTA GENERAL
Nota general Incluye índice alfabético de ilustraciones y notas
500 ## - NOTA GENERAL
Nota general AA2
504 ## - NOTA DE BIBLIOGRAFÍA, ETC.
Nota de bibliografía, etc. Bibliografía: p. 407-419
600 14 - PUNTO DE ACCESO ADICIONAL DE MATERIA--NOMBRE DE PERSONA
Nombre de persona Velázquez, Diego Rodriguez de Silva y
Fechas asociadas al nombre 1599-1660
9 (RLIN) 2552
650 14 - PUNTO DE ACCESO ADICIONAL DE MATERIA--TÉRMINO DE MATERIA
Término de materia o nombre geográfico como elemento de entrada Pintores españoles
9 (RLIN) 7620
902 ## - CATALOGADOR
Iniciales GFM
942 ## - ELEMENTOS DE PUNTO DE ACCESO ADICIONAL (KOHA)
Fuente del sistema de clasificación o colocación Library of Congress Classification
Tipo de ítem Koha Libros
Holdings
Estado de retiro Estado de pérdida Estado dañado No para préstamo Localización permanente Ubicación/localización actual Fecha de adquisición Número de inventario Total de préstamos Signatura topográfica completa Código de barras Fecha visto por última vez Precio válido a partir de Tipo de ítem Koha
El ejemplar forma parte de la colección y puede ser consultado según las políticas vigentes.       Biblioteca del Museo Franz Mayer (Rogerio Casas-Alatriste) Biblioteca del Museo Franz Mayer (Rogerio Casas-Alatriste) 02/12/2008 AA2   ND813.V4 .T73 1948 (AA2) 2686 22/03/2019 22/03/2019 Libros